000 00799nam a22002657a 4500
001 BR7200784
003 BR-BrBNA
005 20230928083819.0
007 ta
008 230509b bl.||||| |||| 00| 0 por d
040 _aBR-BrBNA
_bpor
_cBiblioteca Nacional de Agricultura
041 _a(Por)
072 _aE10; D50
_b/G514
090 _ E10 BR7200784
110 1 _aInstituto Nacional de Colonizacao e Reforma Agraria, Brasilia, DF (Brasil). Depto. de Recursos Fundiarios
_96415
245 1 _aAquisicao de imoveis rurais por estrangeiros [Brasil]
260 3 _aBrasilia, DF (Brasil):
_c[nd].
300 _a97 p.
500 _a23 tables; Published after 1974
650 _aPROPRIEDADE RURAL
650 _aLEI
650 _aDECRETO
909 _a202309
_bLucia
_c55
_dLucia Elande
942 _cBK
999 _c15351
_d15351